000
00300nam a2200121Ia 4500
008
191201s2011 xx 000 0 und d
100
_a
WAZIR, Rohit
245
0
_a
Modern Geographical Thought M.A (F)
260
_a
N.Delhi
_b
Vikas Pub
_c
2011
300
_a
200
650
_a
General Books
942
_2
ddc
_c
BK
999
_c
252
_d
252